000 00348nam a2200133Ia 4500
005 20260328104323.0
008 260328s9999||||xx |||||||||||||| ||und||
100 _aBermúdez, Sari
245 0 _aRegionalismo /
_cSari Bermúdez
260 _bInstituto Nacional de Bellas Artes
300 _a93 p.
650 _aARQUITECTURA - CULTURA
942 _cBK
999 _c11405
_d11405